NFL - 2025 Philadelphia Eagles Roster - Statistics

General Stats
  • This quiz has been taken 936 times
    899 since last reset
  • The average score is 17 of 22
Answer Stats
Hint Answer % Correct
QB Jalen Hurts
100%
RB Saquon Barkley
100%
WR A.J. Brown
99%
WR Devonta Smith
98%
TE Dallas Goedert
90%
NB Cooper DeJean
89%
RT Lane Johnson
88%
SS C.J. Gardner-Johnson
86%
WR Jahan Dotson
83%
DT Jalen Carter
83%
LB Zach Baun
80%
LT Jordan Mailata
79%
CB Quinyon Mitchell
75%
C Cam Jurgens
74%
CB Darius Slay Jr.
73%
LG Landon Dickerson
72%
FS Reed Blankenship
69%
DT Jordan Davis
62%
LB Josh Sweat
54%
RG Mekhi Becton
54%
DE Milton Williams
39%
MLB Oren Burks
28%
No matching quizzes found
Score Distribution
Percent of People with Each Score
Percentile by Number Answered
Your Score History
You have not taken this quiz since the last reset